000 00319nam a22001457a 4500
008 230515b ||||| |||| 00| 0 eng d
020 _a2900060933769
041 _aeng
080 _a101
082 _a101GIN
100 _a44
101 _aFILOZ
245 _aSELECTED POEMS 1947-1995
_cGINSBERG.A
942 _2udc
_cBK
999 _c59705
_d59705